<?xml version="1.0" encoding="UTF-8"?>
<marc:record xmlns:marc="http://www.loc.gov/MARC21/slim">
   <marc:leader>00000nam a2200000 a 4500</marc:leader>
   <marc:datafield ind1="1" ind2=" " tag="100">
      <marc:subfield code="a">Sendker, Jan-Philipp</marc:subfield>
      <marc:subfield code="4">aut</marc:subfield>
      <marc:subfield code="e">Verfasser/-in</marc:subfield>
   </marc:datafield>
   <marc:datafield ind1="0" ind2="0" tag="245">
      <marc:subfield code="a">Das Flüstern der Schatten</marc:subfield>
   </marc:datafield>
   <marc:datafield ind1="0" ind2="0" tag="245">
      <marc:subfield code="b">Roman</marc:subfield>
   </marc:datafield>
   <marc:datafield ind1="0" ind2="0" tag="245">
      <marc:subfield code="c">Jan-Philipp Sendker</marc:subfield>
   </marc:datafield>
   <marc:datafield ind1=" " ind2="1" tag="264">
      <marc:subfield code="a">München</marc:subfield>
      <marc:subfield code="b">Heyne Verl.</marc:subfield>
      <marc:subfield code="c">2009</marc:subfield>
   </marc:datafield>
   <marc:datafield ind1="1" ind2=" " tag="490">
      <marc:subfield code="a">Heyne</marc:subfield>
      <marc:subfield code="v">40631</marc:subfield>
   </marc:datafield>
   <marc:datafield ind1=" " ind2=" " tag="250">
      <marc:subfield code="a">11. Aufl.</marc:subfield>
   </marc:datafield>
   <marc:datafield ind1="1" ind2=" " tag="520">
      <marc:subfield code="a">Kriminalgeschichte aus dem geteilten China. (DR) Nach dem frühen Tod seines Sohnes hat Paul sich auf eine Insel vor Hong Kong zurückgezogen. Sein selbstgewähltes Einsiedlerdasein wird von einer Amerikanerin unterbrochen, die ihn bittet, bei der Suche nach ihrem vermissten Sohn zu helfen. Wenig später stellt sich heraus, dass dieser ermordet wurde. Paul wendet sich an David, einen unangepassten Polizeibeamten vom chinesischen Festland. Die beiden Freunde verstricken sich immer tiefer in eine Geschichte, die von der Gier nach Reichtum, von Korruption und den undurchschaubaren Machtstrukturen im Wirtschaftswunderland China handelt.</marc:subfield>
   </marc:datafield>
   <marc:datafield ind1=" " ind2=" " tag="020">
      <marc:subfield code="a">9783453406315</marc:subfield>
      <marc:subfield code="9">9783453406315</marc:subfield>
   </marc:datafield>
   <marc:datafield ind1=" " ind2=" " tag="020">
      <marc:subfield code="a">3453406311</marc:subfield>
      <marc:subfield code="9">3453406311</marc:subfield>
   </marc:datafield>
   <marc:datafield ind1=" " ind2=" " tag="300">
      <marc:subfield code="a">463 S. : Kt.</marc:subfield>
   </marc:datafield>
</marc:record>
